Egy sokat vitatott korszakról - szakszerűen, tárgyilagosan

Elmentve itt :
Bibliográfiai részletek
Szerző: Szakály Sándor
Dokumentumtípus: Cikk
Megjelent: 1999
Sorozat:Iskolakultúra 9 No. 5
Online Access:http://misc.bibl.u-szeged.hu/40538
LEADER 00590nab a2200169 i 4500
001 misc40538
005 20191106140942.0
008 180709s1999 hu o 0|| zxx d
022 |a 1215-5233 
040 |a SZTE Miscellanea Repozitórium  |b hun 
041 |a zxx 
100 1 |a Szakály Sándor 
245 1 0 |a Egy sokat vitatott korszakról - szakszerűen, tárgyilagosan  |h [elektronikus dokumentum] /  |c  Szakály Sándor 
260 |c 1999 
300 |a 102-103 
490 0 |a Iskolakultúra  |v 9 No. 5 
856 4 0 |u http://misc.bibl.u-szeged.hu/40538/1/EPA00011_iskolakultura_1999_05_102-103.pdf  |z Dokumentum-elérés